Longman Diccionario Pocket Inglés- Español, Español-Inglés (Registro nro. 8779)
[ vista simple ]
| 000 -Cabecera | |
|---|---|
| Campo de control de longitud fija | 00467cam a2200181 i 4500 |
| 005 - Fecha y hora de la última transacción | |
| Campo de control | 20250207173614.0 |
| 008 - Elementos de longitud fija--Información general | |
| Campo de control de longitud fija | 970404s2003 mex d 0000 spa c |
| 020 ## - International Standard Book Number | |
| Número Internacional Estándar del Libro (ISBN) | 0582511550 |
| 041 ## - Idioma | |
| Código de idioma | Inglés |
| -- | Español |
| 082 ## - Clasificación Decimal Dewey | |
| Número de clasificación | R 423 D545d |
| 245 ## - Título propiamente dicho | |
| Título | Longman Diccionario Pocket Inglés- Español, Español-Inglés |
| 260 ## - Pie de imprenta | |
| Lugar de publicación, distribución, etc. | Inglaterra |
| Nombre del editor, distribuidor, etc. | Pearson |
| Fecha de publicación, distribución, etc. | 2003 |
| 300 ## - Descripción física | |
| Extensión | 802 páginas |
| 650 ## - Materia general | |
| Temática (materia general) | DICCIONARIO |
| 650 ## - Materia general | |
| Temática (materia general) | INGLÉS |
| 650 ## - Materia general | |
| Temática (materia general) | ESPAÑOL |
| 942 ## - Punto de acceso adicional KOHA | |
| Tipo de ítem KOHA | Referencia |
| Fuente del sistema de clasificación o colocación | Dewey Decimal Classification |
| Signatura completa | Código de barras | Tipo de ítem |
|---|---|---|
| R 423 D545d | 3593 | Referencia |
| R 423 D545d | 5382 | Referencia |
| R 423 D545d | 5389 | Referencia |
| R 423 D545d | 7321 | Referencia |
| R 423 D545d | 7322 | Referencia |
| R 423 D542d | 11552 | Referencia |
| R 423 D545d | 11553 | Referencia |
| R 423 D545d | 8699 | Referencia |